Skandinávie proměny politiky v severských zemích

Guardado en:
Detalles Bibliográficos
Autor principal: Brunclík, Miloš
Otros Autores: Havlík, Vlastimil, Pinková, Aneta
Formato: Libro
Lenguaje:checo
Publicado: Praha Wolters Kluwer ČR 2011
Materias:
Etiquetas: Agregar Etiqueta
Sin Etiquetas, Sea el primero en etiquetar este registro!

MARC

LEADER 00000nam a2200000 4500
001 0146828
005 20221207093817.1
020 |a 978-80-7357-703-2 
041 0 |a cze 
044 |a CZ 
245 1 0 |a Skandinávie  |b proměny politiky v severských zemích  |c Miloš Brunclík, Vlastimil Havlík, Aneta Pinková 
264 1 |a Praha  |b Wolters Kluwer ČR  |c 2011 
300 |a xvi, 303 s. 
610 2 0 |a Škandinávia 
610 2 0 |a história 
610 2 0 |a systémy politické 
610 2 0 |a korporativizmus 
610 2 0 |a vývoj politický 
610 2 0 |a vláda 
610 2 0 |a formy vládne 
610 2 0 |a parlamenty 
610 2 0 |a súdnictvo 
610 2 0 |a ombudsman 
610 2 0 |a referendum 
610 2 0 |a strany politické 
610 2 0 |a politika medzinárodná 
610 2 0 |a obrana štátu 
610 2 0 |a bezpečnosť 
610 2 0 |a integrácia regionálna 
610 2 0 |a integrácia ekonomická medzinárodná 
610 2 0 |a spolupráca regionálna 
610 2 0 |a spolupráca hospodárska medzinárodná 
610 2 0 |a Švédsko 
610 2 0 |a Dánsko 
610 2 0 |a Nórsko 
610 2 0 |a Fínsko 
610 2 0 |a Island 
100 1 |a Brunclík, Miloš 
700 1 |a Havlík, Vlastimil 
700 1 |a Pinková, Aneta